00889nam a22002297a 450000500170000001000130001702000110003003500130004103700160005404000120007008200240008210000290010624500800013524600450021526000800026027001410034030000610048165000430054265000370058565000210062265000160064320170124103030.0 aB-033442 c175.00 aB-033442 bCen Lib/Ret aDPLbHN aक bखरेम  aखरे, ममता  aउजले हरदय का दर्पण /cममता खरे aUjle hrdya ka darpan b by Mamta Khare  a दिल्ली bसन्मार्ग प्रकाशन c2001 a518/6बी , विश्वास नगर ओधोगिक क्षेत्र शाहदरा b दिल्ली e110032 a168पृष्ठ. c20सेमी(सजिल्द) aहिंदी साहित्य  aहिंदी कहानी  aHindi literature aHindi story